| 000 | 00567nam a2200217 a 4500 | ||
|---|---|---|---|
| 001 | BRCA_6693 | ||
| 005 | 20190320205545.0 | ||
| 008 | 171011s1923----nyu######b---#000-0#eng-# | ||
| 041 | _aeng | ||
| 044 | _anyu | ||
| 050 | 4 |
_aPN6161 _b.C64 _c1923 |
|
| 245 | 1 | 0 |
_aA laugh a day Keeps the doctor away _bby Irvin S. Cobb. |
| 260 |
_aNew York _bGarden City _c1923 |
||
| 300 |
_a246 p. _c21 cm. |
||
| 500 | _aI76 | ||
| 650 | 1 | 4 |
_aIngenio y humor estadounidense _916733 |
| 650 | 1 | 4 |
_aAnécdotas _916734 |
| 700 | 1 |
_aCobb, Irvin S. _916735 |
|
| 902 | _aGFM | ||
| 942 |
_2lcc _cB |
||
| 999 |
_c6376 _d6376 |
||